Responses for Show #1789 - Thursday, May 14, 1992

1992 College Championship final game 1.

Contestants

[<< previous game]

Billy Baxter, a senior from the College of William & Mary

Stephanie Leveene, a senior from the University of Delaware

Nick Jungman, a sophomore from the University of Oklahoma

[next game >>]

Jeopardy! Round responses

ANIMALS
STAR TREK: THE MOVIES
NON-POTENT POTABLES
THE CARIBBEAN
U.S. FLAGS
LEFTOVERS
    $100 21
a skunk

Nick
    $100 11
the Enterprise

Billy
    $100 1
(Billy: What is Coke?)

Pepsi

StephanieBilly
    $100 30
Voodoo

Billy
    $100 2
(Billy: What is... what are the final two stars?)

a Hawaii star

NickBilly
    $100 13
(Stephanie: What is eve?)
(Billy: What is ev'n?)
(Alex: Say it again.)
(Billy: Ev'n.)

e'en

NickStephanieBilly
    $200 29
a lion

Stephanie
    $200 12
Khan

Stephanie
    $200 3
ade

Nick
    $200 25
a dance

Stephanie
    $200 5
blue

Nick
    $200 15
the Thames

Billy
    $300 28
fish

Billy
    $300 14
(Billy: Who is Gene Roddenberry?)

(1 of) Leonard Nimoy (Nicholas Meyer)

StephanieBilly
    $300 4
milk

Billy
    $300 24
(Billy: What is wheat?)

rice

StephanieBilly
    $300 7
New Mexico

Nick
    $300 16
(Billy: What's a clock?)

a staircase

NickBilly
    $400 27
the gnu

Triple Stumper
    $400 17
the whales

Stephanie
    $400 6
Ocean Spray

Billy
    $400 23
(Nick: What is yes?)
...
(Alex: We have less than a minute to go.)

goodbye

NickBilly
    $400 9
Nelson Rockefeller

Nick
    $400 18
Sarah

Stephanie
    $500 26
a rodent

Nick
    $500 20
(Billy: What is Spock?)
(Stephanie: Who is Spock's father?)

Lieutenant Saavik

StephanieBilly
Triple Stumper
    $500 8
Coca-Cola

Nick
    $500 22
Santo Domingo

Nick
    $1,200 10
1/13th

Nick
    $500 19
black

Nick

Scores at the first commercial break (after clue 12):

Nick Stephanie Billy
$2,900 $300 $600

Scores at the end of the Jeopardy! Round:

Nick Stephanie Billy
$4,500 $1,500 $100

Double Jeopardy! Round responses

AUTHORS
NEWSPAPERS & MAGAZINES
EUROPEAN HISTORY
FLOWERS
CLASSICAL MUSIC
FILE UNDER "U"
(Each correct response will begin with that letter of the alphabet.)
    $200 8
[Applause for Stephanie running the category]

William Faulkner

Stephanie
    $200 13
TV Guide

Nick
    $200 28
Sicily

Billy
    $200 30
houses

Billy
    $200 25
Ludwig van Beethoven

Billy
    $200 29
Uranus

Nick
    $400 7
E.B. White

Stephanie
    $400 14
South Africa

Stephanie
    $400 18
the League of Nations

Nick
    $400 27
a violet

Stephanie
    $400 12
Brahms

Nick
    $400 23
an unknown soldier

Nick
    $600 6
1984

Stephanie
    $600 17
biweekly

Billy
    $600 3
the Hundred Years' War

Stephanie
    $600 26
Susan

Billy
    $600 11
Johann Sebastian Bach

Nick
    $600 22
undulate

Billy
    $800 4
Kahlil Gibran

Stephanie
    $800 16
the Herald

Nick
    $1,000 1
Vienna

Billy
    $800 24
(Nick: What are orchids?)

lilies

NickStephanie
    $2,000 10
Leonard Bernstein

Stephanie
    $800 21
upsilon

Billy
    $1000 5
Jane Austen

Stephanie
    $1000 15
Alberta

Stephanie
    $1000 2
(Nick: What is France?)

Spain

Nick
Triple Stumper
    $1000 19
roses

Stephanie
    $1000 9
Handel

Stephanie
    $1000 20
Utrecht

Billy

Scores at the end of the Double Jeopardy! Round:

Nick Stephanie Billy
$5,700 $11,700 $5,300

Final Jeopardy! Round responses

RELIGIOUS LEADERS
BillyWhat is the Dalai Lama?
$4,500
NickWhat is Dalai Lama?
$4,300
StephanieWhat is the Dalai Lama?
$200
the Dalai Lama

Final scores:

Nick Stephanie Billy
$10,000 $11,900 $9,800

Game dynamics:

Coryat scores:

Nick Stephanie Billy
$5,000 $10,500 $5,100
20 R
(including 1 DD),
3 W
21 R
(including 1 DD),
2 W
16 R
(including 1 DD),
7 W

Combined Coryat: $20,600

[game clues] [game scores] [suggest correction]

Game tape date: 1992-03-09
The J! Archive is created by fans, for fans. Scraping, republication, monetization, and malicious use prohibited; this site may use cookies and collect identifying information. See terms. The Jeopardy! game show and all elements thereof, including but not limited to copyright and trademark thereto, are the property of Jeopardy Productions, Inc. and are protected under law. This website is not affiliated with, sponsored by, or operated by Jeopardy Productions, Inc. Join the discussion at JBoard.tv.